Navigating between policy and populace : Estonia, its accession referendum and the EU convention (notice n° 1631014)

détails MARC
000 -LEADER
fixed length control field 01214cam a2200169 4500500
005 - DATE AND TIME OF LATEST TRANSACTION
control field 20260111104659.0
041 ## - LANGUAGE CODE
Language code of text/sound track or separate title fre
042 ## - AUTHENTICATION CODE
Authentication code dc
100 10 - MAIN ENTRY--PERSONAL NAME
Personal name Pettai, Vello
Relator term author
245 00 - TITLE STATEMENT
Title Navigating between policy and populace : Estonia, its accession referendum and the EU convention
260 ## - PUBLICATION, DISTRIBUTION, ETC.
Date of publication, distribution, etc. 2005.<br/>
500 ## - GENERAL NOTE
General note 51
520 ## - SUMMARY, ETC.
Summary, etc. The Convention on the Future of Europe represented an unprecedented test of the EU’s capacity for deliberation and political consensus formation. In the candidate countries of the time, this challenge was even greater given the coterminous tasks of completing accession and facing a popular referendum. In Estonia’s case, we argue that the promise of the Convention’s deliberative process was largely lost, since not only was there a gulf between state administration and civil society, but also within the state to the extent that most policy was formed by a narrow set of civil servants working in the Eurointegration Office.
700 10 - ADDED ENTRY--PERSONAL NAME
Personal name Veebel, Viljar
Relator term author
786 0# - DATA SOURCE ENTRY
Note Politique européenne | 15 | 1 | 2005-01-01 | p. 113-135 | 1623-6297
856 41 - ELECTRONIC LOCATION AND ACCESS
Uniform Resource Identifier <a href="https://shs.cairn.info/revue-politique-europeenne-2005-1-page-113?lang=en&redirect-ssocas=7080">https://shs.cairn.info/revue-politique-europeenne-2005-1-page-113?lang=en&redirect-ssocas=7080</a>

Pas d'exemplaire disponible.

PLUDOC

PLUDOC est la plateforme unique et centralisée de gestion des bibliothèques physiques et numériques de Guinée administré par le CEDUST. Elle est la plus grande base de données de ressources documentaires pour les Étudiants, Enseignants chercheurs et Chercheurs de Guinée.

Adresse

627 919 101/664 919 101

25 boulevard du commerce
Kaloum, Conakry, Guinée

Réseaux sociaux

Powered by Netsen Group @ 2025